Ronde van Vlaanderen (Tour of Flanders) Cycling Race Winners - Statistics

General Stats
  • This quiz has been taken 15 times
  • The average score is 38 of 110
Answer Stats
Year Country Winner % Correct
1986 Netherlands Adrie van der Poel
100%
2020 | 2022 | 2024 Netherlands Mathieu van der Poel
100%
2023 | 2025 | 2026 Slovenia Tadej Pogacar
100%
2016 Slovakia Peter Sagan
93%
1969 | 1975 Belgium Eddy Merckx
86%
2010 | 2013 | 2014 Switzerland Fabian Cancellara
86%
2005 | 2006 | 2012 Belgium Tom Boonen
79%
2021 Denmark Kasper Asgreen
71%
2017 Belgium Philippe Gilbert
71%
1977 Belgium Roger De Vlaeminck
71%
2019 Italy Alberto Bettiol
64%
1993 | 1995 | 1998 Belgium Johan Museeuw
64%
2015 Norway Alexander Kristoff
57%
2011 Belgium Nick Nuyens
57%
2018 Netherlands Niki Terpstra
57%
1959 | 1962 Belgium Rik Van Looy
57%
2008 | 2009 Belgium Stijn Devolder
50%
2002 Italy Andrea Tafi
43%
1988 Belgium Eddy Planckaert
43%
1979 | 1983 Netherlands Jan Raas
43%
1999 | 2003 Belgium Peter van Petegem
43%
1976 Belgium Walter Planckaert
43%
2000 Belgium Andrei Tchmil
36%
1974 Netherlands Cees Bal
36%
1985 Belgium Eric Vanderaerden
36%
1981 Netherlands Hennie Kuiper
36%
1992 France Jacky Durand
36%
1996 Italy Michele Bartoli
36%
1997 Denmark Rolf Sørensen
36%
1989 | 1991 Belgium Edwig van Hooydonck
29%
2001 Italy Gianluca Bortolami
29%
1994 Italy Gianni Bugno
29%
1980 Belgium Michel Pollentier
29%
1990 Italy Moreno Argentin
29%
1944 | 1946 Belgium Rik Van Steenbergen
29%
2004 Germany Steffen Wesemann
29%
1961 Great Britain Tom Simpson
29%
1940 | 1941 | 1943 Belgium Achiel Buysse
21%
2007 Italy Alessandro Ballan
21%
1960 Belgium Arthur De Cabooter
21%
1942 | 1948 Belgium Briek Schotte
21%
1970 | 1972 | 1973 Belgium Eric Leman
21%
1971 Netherlands Evert Dolman
21%
1949 | 1950 | 1951 Italy Fiorenzo Magni
21%
1914 Belgium Marcel Buysse
21%
1954 Belgium Raymond Impanis
21%
1952 Belgium Roger Decock
21%
1968 | 1978 Belgium Walter Godefroot
21%
1953 Netherlands Wim van Est
21%
1987 Belgium Claude Criquielion
14%
1967 Italy Dino Zandegù
14%
1966 Belgium Edward Sels
14%
1957 Belgium Fred De Bruyne
14%
1923 Switzerland Heiri Suter
14%
1965 Netherlands Jo de Roo
14%
1984 Netherlands Johan Lammerts
14%
1955 France Louison Bobet
14%
1963 Belgium Noel Foré
14%
1982 Belgium René Martens
14%
1964 West Germany Rudi Altig
14%
1924 | 1927 Belgium Gerard Debaets
7%
1919 Belgium Henri Vanlerberghe
7%
1928 Belgium Jan Mertens
7%
1956 France Jean Forestier
7%
1920 Belgium Jules Van Hevel
7%
1939 Belgium Karel Kaers
7%
1937 Belgium Michel D'Hooghe
7%
1913 Belgium Paul Deman
7%
1933 Belgium Alfons Schepers
0%
1926 Belgium Denis Verschueren
0%
1938 Belgium Edgard de Caluwé
0%
1947 Belgium Emiel Faignaert
0%
1930 Belgium Frans Bonduel
0%
1934 Belgium Gaston Rebry
0%
1958 Belgium Germain Derijcke
0%
1929 Belgium Jef Dervaes
0%
1925 Belgium Julien Delbecque
0%
1922 Belgium Léon Devos
0%
1935 Belgium Louis Duerloo
0%
1936 Belgium Louis Hardiquest
0%
1921 Belgium René Vermandel
0%
1931 | 1932 Belgium Romain Gijssels
0%
1945 Belgium Sylvain Grysolle
0%
No matching quizzes found
Score Distribution
Percent of People with Each Score
Percentile by Number Answered
Your Score History
You have not taken this quiz